Documentos para la historia integral argentina : tomo ii /
Guardado en:
| Otros Autores: | , , , |
|---|---|
| Formato: | Libro |
| Publicado: |
Buenos Aires :
Centro Editor de América Latina,
1974
|
| Materias: | |
| Etiquetas: |
Agregar Etiqueta
Sin Etiquetas, Sea el primero en etiquetar este registro!
|
| LEADER | 01320nam a22002295a 4500 | ||
|---|---|---|---|
| 001 | CEM.cems000279 | ||
| 005 | 20061012141941.0 | ||
| 008 | 130507s1974##################000#0#####d | ||
| 003 | CEMS | ||
| 082 | 0 | 4 | |a 982 |
| 245 | 0 | 0 | |a Documentos para la historia integral argentina : |b tomo ii / |
| 260 | |a Buenos Aires : |b Centro Editor de América Latina, |c 1974 | ||
| 300 | |a 512 p. | ||
| 505 | 0 | |a La inmigración de la Italia Meridional / Bruno Passarelli -- La guerra del Paraguay / Enrique Bourges ; Pablo Costantini ; Fernando Suárez -- La fundación del Partido Socialista / Víctor O. García Costa -- Reducciones y pueblos de indios / Juan Carlos Garavaglia -- La revolución de Mayo / Ricardo R. Figueira -- La revolución del 1º de enero de 1809 / Gerardo Alberto Santa María -- Los orígenes del radicalismo / Isamel Viñas -- La batalla de Caseros / María Inés Barbero ; Amalia Moavro -- Güemes y la frontera norte / Alberto Eduardo Díaz ; María Ester Rapalo -- Vida cotidiana en la campaña bonaerense (siglo XVIII) / Dora Rodríguez | |
| 653 | |a Documentos | ||
| 653 | |a Historia | ||
| 653 | |a Historia argentina | ||
| 700 | 1 | |a Passarelli, Bruno | |
| 700 | 1 | |a Bourges, Enrique | |
| 700 | 1 | |a Costantini, Pablo | |
| 700 | 1 | |a Suárez, Fernando | |
| 859 | |a CEMS |b BIB. CEMS - 11 de abril |h 982 |i H629-1 |p 16718.92 |t Ej.1 |v II |3 II | ||
